| 000 | 00498nam a2200181Ia 4500 | ||
|---|---|---|---|
| 008 | 151018s9999 xx 000 0 und d | ||
| 082 |
_bRBASDV33073 _a891.463 |
||
| 100 | _aअविनाश भट्ट | ||
| 245 | _aट्रिपल | ||
| 250 | _b1 | ||
| 260 |
_bपुण्य _c2000 |
||
| 300 | _a280 | ||
| 600 | _aअविनाश भट्ट | ||
| 630 | _aट्रिपल | ||
| 700 | _aअविनाश भट्ट | ||
| 730 | _aट्रिपल | ||
| 942 | _cBOOK | ||
| 999 |
_c1032593 _d1032590 |
||